1718 1584 1494 1826 1306 1122 1096 1184 1020 1539 1489 1011 1012 1822 1191 1249 1149 1567 1362 1794 1353 1640 1944 1263 1599 1772 1541 1236 1691 1267 1905 1792 1348 1696 1752 1379 1406 1554 1843 1314 1619 1529 1870 1713 1823 1443 1496 1781 1594 1555 1966 1451 1954 1721 1822 1236 1122 1601 1531 1552 1293 1081 1229 1634 1338 1169 1123 1675 1625 1873 1432 1888 1875 1545 1803 1759 1092 1886 1702 1145 1708 1343 1934 1908 1414 1004 1889 1399 1381 1168 1042 1280 1767 1457 1684 1508 1917 1222 1869 BCNSPRNW ULIB Ver.6.0+V

เปลี่ยนเป็นภาษาไทย

Change to English
 แสดงรายละเอียดบรรณานุกรม
  กลับหน้าหลัก

Brief Record : Get Marc (ISO 2709) : E-mail record : QR code < ปิดหน้าต่าง
LEADER : 00000nam 2200000uu 4500
001    13399121463
003     ULIB
008    121120s||||||||th 000 0 tha d
020    ^a9789749173763
050  4 ^aรส^bก386ป 2546
245 00 ^aปริทรรศน์วรรณกรรมไทยสมัยใหม่ /^cกัญหา แสงรายา, เจษฎาทองรุ่งโรจน์, บรรณาธิการ
250    ^aพิมพ์ครั้งที่ 1
260    ^aกรุงเทพฯ :^bมูลนิธิสถาบันวิชาการ 14 ตุลา,^c2546
300    ^a235 หน้า ;^c21 ซม.
490 0  ^aหนังสือชุด''ตุลาวรรณกรรม''
500    ^aฉลองครบรอบ 30 ปี 14 ตุลา : 2516-2546 ร่วมวาระประวัติศาสตร์''''วัน 14 ตุลา ประชาธิปไตย''''
650  4 ^aวรรณกรรมไทย
650  4 ^aวรรณกรรมไทย^xประวัติและวิจารณ์
700 0  ^aกัญหา แสงรายา,^eบรรณาธิการ
700 0  ^aเจษฎา ทองรุ่งโรจน์,^eบรรณาธิการ
710 2  ^aมูลนิธิสถาบันวิชาการ 14 ตุลา
945    ^p0^l0^i14363
995    ^aกัณชพร
999    ^aกัณชพร
รายการนี้ยังไม่มีแท็ก
คุณยังไม่ได้ล็อกอิน คุณสามารถมีกิจกรรมร่วมกับเว็บไซต์ได้ แต่ต้องล็อกอินก่อน ::
  ล็อกอิน

รายการสื่อสารสนเทศ

ลำดับที่ ประเภท เลขเรียก/บาร์โค้ด สถานที่ สถานะ
1. นวนิยาย
นวนิยาย
รส ก386ป 2546  
  Barcode: 14363
ห้องสมุดวิทยาเขตสวรรค์ประชารักษ์
►นวนิยาย
บนชั้น
  ขอยืม

รายการใกล้เคียง
    หัวเรื่อง [วรรณกรรมไทย]

BibComment


ยังไม่เคยถูกคอมเมนท์

คอมเมนท์ทรัพยากรรายการนี้
  คอมเมนท์: ปริทรรศน์วรรณกรร..


 Copyright 2026. Bcnsprnw @Library